|
|
|
|
| LEADER |
00761cam a2200217 7i4500 |
| 001 |
0000008702 |
| 005 |
20090106090000.0 |
| 008 |
090106 |
| 020 |
0 |
0 |
|a 9789678909211
|
| 020 |
0 |
0 |
|a 9678909219 (pbk.)
|
| 035 |
0 |
0 |
|a 0232-37660
|
| 090 |
0 |
0 |
|a KPG 543
|b .N6 1998
|
| 100 |
0 |
0 |
|a Nik Noriani Nik Badli Shah
|
| 245 |
1 |
0 |
|a Marriage and divorce under islamic law
|c Nik Noriani Nik Badli Shah.
|
| 260 |
0 |
0 |
|a Kuala Lumpur:
|b International Law Book Services,
|c 1998.
|
| 300 |
# |
# |
|a x, 136 p.;
|c 22 cm..
|
| 504 |
0 |
0 |
|a Includes bibliographical references (p. 135-136)
|
| 650 |
0 |
0 |
|a Divorce (Islamic law) --
|z Malaysia
|
| 650 |
0 |
0 |
|a Marriage (Islamic law) --
|z Malaysia
|
| 999 |
|
|
|a 1100013397
|b Book
|c Open Shelf
|e KOLEKSI TERBUKA
|
| 999 |
|
|
|a 1000400449
|b Book
|c Open Shelf
|e KOLEKSI TERBUKA
|